000 00546nam a2200181Ia 4500
999 _c22622
_d22622
003 OSt
005 20200226122147.0
008 190216s9999||||xx |||||||||||||| ||und||
020 _a9788182710214
040 _coclc
082 _a954.84
_bBAH/K
100 _aBahaudheen, K M
_91918
245 0 _aKerala Muslimkal Cheruthunilpinte Charithram /
_cK M Bahaudheen
260 _bIslamic Publishing House,
_aKozhikode:
_c1995.
300 _a279p
650 _xIslamic History
942 _cBK
_2ddc
_h954.84
_iBAH/K
_k954.84
_mBAH/K